My big fat queer life :the best of Michael Thomas Ford (Record no. 32820)

MARC details
000 -LEADER
fixed length control field 00428nam a2200169Ia 4500
020 ## - INTERNATIONAL STANDARD BOOK NUMBER
ISBN 1555835740
050 ## - CALL MARK
Classification number PN 6231 .H57 F678/
100 ## - STATEMENT OF RESPONSIBILITY--MAIN AUTHOR NAME
Personal name Ford, Michael Thomas.
245 #0 - TITLE STATEMENT
Title My big fat queer life :the best of Michael Thomas Ford
260 ## - PUBLICATION, DISTRIBUTION, ETC. (IMPRINT)
Place of publication Los Angeles
260 ## - PUBLICATION, DISTRIBUTION, ETC. (IMPRINT)
Name of publisher Alyson Books
260 ## - PUBLICATION, DISTRIBUTION, ETC. (IMPRINT)
Year of publication 2003
300 ## - PHYSICAL DESCRIPTION
Number of Pages 299 p
942 ## - ADDED ENTRY ELEMENTS (KOHA)
Koha item type Books
Holdings
Withdrawn status Lost status Source of classification or shelving scheme Damaged status Not for loan Permanent Location Current Location Date acquired Accession Number Price effective from Koha item type
    Library of Congress Classification     NILE UNIVERSITY OF NIGERIA - MAIN LIBRARY NILE UNIVERSITY OF NIGERIA - MAIN LIBRARY 04/23/2025 0010346 04/23/2025 Books